Loading...
| Philosophy | 2 | 6 | 0 | 1 | 90 | 29 | 85.50 | 4 | 8 | 0.00 | 0.00 |
| Literature - European | 2 | 5 | 0 | 0 | 80 | 26 | 80.00 | 3 | 7 | 0.00 | 0.00 |
| Literature - American | 1 | 5 | 0 | 0 | 65 | 39 | 98.33 | 2 | 4 | 0.00 | 0.00 |
| History - American | 0 | 6 | 0 | 0 | 60 | 69 | 97.50 | 1 | 5 | 0.00 | 0.00 |
| Literature - British | 0 | 6 | 1 | 1 | 55 | 75 | 105.83 | 0 | 3 | 0.00 | 0.00 |
| Fine Arts - Visual | 1 | 4 | 0 | 1 | 55 | 58 | 94.80 | 3 | 4 | 0.00 | 0.00 |
| History - European | 3 | 2 | 2 | 0 | 55 | 38 | 68.80 | 2 | 5 | 0.00 | 0.00 |
| Social Science | 0 | 5 | 0 | 0 | 50 | 76 | 109.60 | 1 | 4 | 0.00 | 0.00 |
| Fine Arts - Auditory | 1 | 4 | 2 | 0 | 45 | 81 | 92.20 | 0 | 4 | 0.00 | 0.00 |
| Science - Physics | 1 | 3 | 0 | 1 | 45 | 65 | 98.00 | 2 | 4 | 0.00 | 0.00 |
| Beliefs | 1 | 4 | 3 | 2 | 40 | 43 | 103.60 | 1 | 4 | 0.00 | 0.00 |
| Science - Biology | 0 | 4 | 0 | 1 | 40 | 86 | 117.25 | 0 | 2 | 0.00 | 0.00 |
| Other Arts: Visual | 0 | 3 | 0 | 0 | 30 | 103 | 114.00 | 1 | 2 | 0.00 | 0.00 |
| 0 | 4 | 3 | 0 | 25 | 107 | 115.00 | 0 | 3 | 0.00 | 0.00 | |
| Geography | 0 | 3 | 1 | 1 | 25 | 61 | 101.67 | 0 | 1 | 0.00 | 0.00 |
| History - World | 0 | 3 | 1 | 0 | 25 | 77 | 93.00 | 0 | 3 | 0.00 | 0.00 |
| Science - Chemistry | 0 | 3 | 2 | 1 | 20 | 86 | 107.33 | 0 | 2 | 0.00 | 0.00 |
| Ancient History and Archaeology | 0 | 2 | 0 | 1 | 20 | 102 | 111.50 | 0 | 1 | 0.00 | 0.00 |
| Chemistry> | 0 | 1 | 0 | 0 | 10 | 118 | 118.00 | 0 | 1 | 0.00 | 0.00 |
| Other Science: Astronomy | 0 | 1 | 0 | 0 | 10 | 118 | 118.00 | 0 | 0 | 0.00 | 0.00 |
| World and Other Literature | 0 | 1 | 0 | 1 | 10 | 118 | 118.00 | 1 | 1 | 0.00 | 0.00 |
| British and Commonwealth History | 0 | 1 | 0 | 0 | 10 | 132 | 132.00 | 0 | 1 | 0.00 | 0.00 |
| Current Events | 0 | 1 | 1 | 0 | 5 | 83 | 83.00 | 1 | 1 | 0.00 | 0.00 |
| Other Science: Computer Science | 0 | 1 | 1 | 1 | 5 | 133 | 133.00 | 0 | 0 | 0.00 | 0.00 |
| Other Arts: Auditory | 0 | 1 | 2 | 0 | 0 | 87 | 87.00 | 1 | 1 | 0.00 | 0.00 |
| Other Academic | 0 | 0 | 1 | 0 | -5 | 0.00 | 0 | 0 | 0.00 | 0.00 | |
| Other Science: Math | 0 | 0 | 1 | 0 | -5 | 0.00 | 0 | 0 | 0.00 | 0.00 |